000 01143cad a22002055a 4500
001 L156467
008 120525s2012 xxk f 000 0 eng d
035 _a(Sirsi) u156467
041 0 _aeng
110 2 _aUnited Kingdom
_bDepartment of Energy and Climate Change
_95850
245 0 0 _aGovernment Response to Consultation on Feed-in Tariffs Comprehensive Review Phase 2A
_bSolar PV Tariffs and Cost Control
_h[electronic resource]
260 _aLondon
_bDECC
_c2012
520 _aFollowing consultation with industry and consumers the government is introducing changes to the Feed-in Tariffs scheme from 1 August 2012. The tariff for a small domestic solar installation will be 16p per kilowatt hour, down from 21p, and will be set to decrease on a 3 month basis thereafter, with pauses if the market slows down.
590 _aKA NTK
651 4 _aUnited Kingdom
690 _aEnergy
_96237
690 _aSustainability
_96271
856 4 0 _uhttps://www.decc.gov.uk/assets/decc/11/meeting-energy-demand/renewable-energy/5391-impact-assessment-government-response-to-consulta.pdf
_zView the item free of charge at www.decc.gov.uk
942 _n0
999 _c114267
_d114267